The Josh Corry Quiz - Statistics

General Stats
  • This quiz has been taken 2 times
  • The average score is 6 of 12
Answer Stats
Answer % Correct
His favourite colour Blue
100%
His favourite Man united player Paul Pogba
100%
The number of Milk cup games he has played in 10
50%
His favourite number 6
50%
His shoe size 9
50%
His middle name Benjamin
50%
His favourite food Chinese
50%
His favourite sport other than football Darts
50%
His favourite actor Jason Bateman
50%
His favourite movie American Pie
0%
His favourite vacation destination Florida
0%
His favourite song Viva la Vida
0%
No matching quizzes found
Score Distribution
Percent of People with Each Score
Percentile by Number Answered
Your Score History
You have not taken this quiz